Freestylowiec po opisie - Statystyki

Ogólne statystyki
  • Ten quiz został rozwiązany 342 razy
  • Średni wynik to 12 z 15
Statystyki odpowiedzi
Opis Ksywa % Poprawnych
Pochodzi z Milicza Filipek
99%
Pytanie do publiczności go wskazało Bober
96%
Pierwsza osoba która obroniła pas WBW Edzio
94%
Dobry kolega Tymina Peus
93%
Uznawany za menela i bezdomnego Wudo
91%
Na BOP 2020 zdjął koszulke Yowee
87%
Jedna z ofiar punchów o ojcu Spartiak
86%
Znany z kucania Babinci
83%
Stylóweczka Oset
82%
Rzucał mikrofonem Milu
73%
Pierwsza osoba która dwukrotnie wygrała WBW Muflon
73%
Dwukrotny wicemistrz WBW Te Tris
65%
Znany z krzyczenia dwóch słów gdy publika chce dogrywke Murzyn
58%
Wystartował na WBW nie mając pojęcia o free. Przegrał legendarną walke z Q-keyem Bodzio
57%
"Pomyłka regulaminu" GML
33%
Nie znaleziono quizów pasujących do podanych kryteriów
Rozkład punktacji
Procent ludzi z każdym wynikiem
Percentyl według liczby udzielonych odpowiedzi
Twoja historia wyników
Nie rozwiązałeś tego quizu